000 00766nam a2200193 i 4500
001 25559
003 ES-MaACL
005 20230906153307.0
007 t|
008 021227s1935 sp ||||1| spa d
100 1 _aArias Sanjurjo, Joaquín.
_922806
245 1 0 _aAvellaneda y el sentido oculto del Quijote
_b: parte crítica : indagaciones y demostraciones /
_cJoaquín Arias Sanjurjo.
260 _aSantiago :
_b[s.n.,
_c1935] (
_fTip. El Eco de Santiago)
490 1 _aPapeletas Cervantinas ;
_v4, 5
600 1 4 _aFernández de Avellaneda, Alonso.
_tSegundo tomo del ingenioso hidalgo don Quijote de la Mancha-
_xCrítica e interpretación.
_949626
830 0 _aPapeletas Cervantinas ;
_v4, 5
_9180984
852 _aES-MaACL
_j1806-F-7
999 _c25559
_d25559